000 01547cam a2200409 a 4500
999 _c8087
_d8087
001 15838413
003 OSt
005 20191228120352.0
008 090718s2009 ii a b 101 0 eng d
010 _a 2009346445
020 _a9788184840360
020 _a8184840365
025 _aI-E-2009-346445; 52-90; 85-90
035 _a(OCoLC)ocn427744203
035 _a(OCoLC)427744203
037 _aLibrary of Congress -- New Delhi Overseas Office
_cRs880.00
040 _aDKAGE
_beng
_coclc
_dDLC
042 _alccopycat
_alcode
043 _aa-ii---
050 0 0 _aHD2072
_b.A65465 2009
082 0 4 _a338.10954
_222
_bSAH/A
100 _9829
_aSahoo, Rajan Kumar
245 0 0 _aAgriculture and Rural economy /
_c Rajan Kumar Sahoo ; Gyanindra Dash
260 _aNew Delhi :
_bRegal Publications,
_cc2009.
300 _a240p
_c23 cm.
504 _aIncludes bibliographical references and index.
520 _aProceedings of a national seminar held at Kendrapara on 17th February 2008.
650 0 _aAgriculture
_xEconomic aspects
_zIndia
_vCongresses.
650 0 _aRural development
_zIndia
_vCongresses.
650 0 _aAgriculture and state
_zIndia
_vCongresses.
700 _aSahoo, Rajan Kumar
_d1961-
_9829
700 1 _aDash, Gyanindra,
_d1965-
_9886
856 4 1 _3Table of contents only
_uhttp://www.loc.gov/catdir/toc/fy1001/2009346445.html
906 _a7
_bcbc
_ccopycat
_d3
_encip
_f20
_gy-gencatlg
942 _2ddc
_cBK
_h338.10954
_iSAH/A
_k338.10954
_mSAH/A